| 000 | 00654nam a2200145 a 4500 | ||
|---|---|---|---|
| 008 | 120416s1970 ||||||||||||||||| || u | ||
| 050 | _aBF 205.N6 Kry | ||
| 100 | _aKryter, Karl D | ||
| 245 | 1 | 4 | _aThe effects of noise on man |
| 260 |
_aLondon: _bAcademic Press _c1970 |
||
| 350 | _a0.00 | ||
| 650 | _aNOISE--PSYCHOLOGICAL EFFECT | ||
| 995 |
_aMAIN LIBRARY OPEN ACCESS _D0.00 _e703109 _FCBU-MAIN LIBRARY (Kitwe) _H1 _I20.00 _jBF 205.N6 Kry _M1 _UAVAILABLE _y000974 _ZMain Library Open Access Collection |
||
| 995 |
_aMAIN LIBRARY OPEN ACCESS _D0.00 _e715474 _FCBU-MAIN LIBRARY (Kitwe) _H2 _I20.00 _jBF 205.N6 Kry _M2 _UAVAILABLE _y000975 _ZMain Library Open Access Collection |
||
| 999 |
_c75774 _d75774 |
||